| 000 | 01207nam a2200229Ia 4500 | ||
|---|---|---|---|
| 003 | Ost | ||
| 005 | 20260507075329.0 | ||
| 008 | 260507s9999||||xx |||||||||||||| ||und|| | ||
| 020 | _a9789957780593 | ||
| 040 | _cfsecg | ||
| 041 | _aara | ||
| 082 | _a330 | ||
| 100 |
_aالدوري، مؤيد عبد الرحمان _eمؤلف |
||
| 245 | 0 |
_aإدارة الاستثمار والمحافظ الاستثمارية / _c مؤيد عبد الرحمان الدوري |
|
| 260 |
_aعمان: _bاثراء, _c2010 |
||
| 300 |
_a360 صفحة؛ _bإيضاحات ؛ _c25 سم |
||
| 520 | _aمفهوم الاستثمار و أهدافه ، الاسواق المالية و الأدوات الاستثمارية ، العائد و المخاطرة ، تقييم السندات و تقييم الأسهم ، شركات الاستثمار ، التنويع و مخاطر المحفظة ، نموج تسعير الأصول الرأسمالية ، نظرية تسعير المراجحة ، تقييم أداء المحفظة و أخيرا المشتقات المالية | ||
| 653 | _aالإستثمار | ||
| 653 | _aالإستثمار ــ إدارة | ||
| 653 | _aالأسواق المالية | ||
| 942 | _cكتاب | ||
| 999 |
_c43985 _d43985 |
||